[Event "Campeonato Panamericano de Ajedrez Sub-20 Femenino"]
[Site "Cochabamba - CEFED "La Tamborada""]
[Date "2019.08.02"]
[Round "2"]
[Board "12"]
[White "Arce, Valeria"]
[Black "Montiel Caceres, Helen"]
[Result "1-0"]
[WhiteElo "1246"]
[BlackElo "1514"]
[PlyCount "161"]
[EventDate "2019.08.01"]
[EventRounds "9"]
[EventCountry "BOL"]

1. d4 Nf6 2. c4 g6 3. Nc3 Bg7 4. e4 d6 5. Be2 O-O 6. Nf3 e5 7. dxe5 dxe5 8.
Qxd8 Rxd8 9. Bg5 Nc6 10. Nd5 Rd6 11. Bxf6 Bxf6 12. Nxc7 Rb8 13. Nd5 Bg7 14. Rd1
f5 15. Ne7+ Kf7 16. Rxd6 Kxe7 17. Rd2 fxe4 18. Ng1 Nd4 19. b3 b6 20. Nh3 Bh6
21. Rb2 Bc1 22. Rb1 Bh6 23. Rb2 g5 24. Ng1 Bd7 25. h4 g4 26. Bd1 Rf8 27. Ne2 e3
28. Rf1 Nf5 29. g3 Rd8 30. Bc2 Be6 31. Bxf5 Bxf5 32. fxe3 Be4 33. Nc3 Bf3 34.
Rd2 Rc8 35. Rd3 Ke6 36. Nb5 Bf8 37. Nc3 Bb4 38. Kf2 e4 39. Nxe4 Bxe4 40. Rd4
Rf8+ 41. Kg1 Bf3 42. Rf4 Rd8 43. Rd4 Re8 44. Rxf3 gxf3 45. Re4+ Kd7 46. Rxe8
Kxe8 47. Kf2 Kf7 48. Kxf3 Kf6 49. Ke4 Ke6 50. g4 Be1 51. h5 Bh4 52. Kf4 h6 53.
Ke4 Bf6 54. Kf4 Bg5+ 55. Ke4 Kd6 56. b4 Be7 57. Kf5 Bg5 58. e4 Be3 59. Kf6 Bg5+
60. Kf5 a6 61. e5+ Kc6 62. Ke6 a5 63. b5+ Kc7 64. a4 Kd8 65. Kd6 Be7+ 66. Ke6
Bg5 67. Kd6 Ke8 68. Ke6 Bd2 69. Kf6 Bg5+ 70. Ke6 Be7 71. Kf5 Kf7 72. e6+ Kg7
73. Ke5 Bc5 74. Kf5 Be7 75. Ke5 Bg5 76. Kd6 Kf8 77. Kd5 Ke7 78. c5 Be3 79. c6
Bf4 80. Ke4 Bc7 81. Kf5  1-0

[Event "Campeonato Panamericano de Ajedrez Sub-20 Femenino"]
[Site "Cochabamba - CEFED "La Tamborada""]
[Date "2019.08.02"]
[Round "2"]
[Board "13"]
[White "Bustillos, Nathalia"]
[Black "Barros Jardi Arce, Sarai"]
[Result "1-0"]
[WhiteElo "1473"]
[BlackElo "1182"]
[PlyCount "49"]
[EventDate "2019.08.01"]
[EventRounds "9"]
[EventCountry "BOL"]

1. d4 e6 2. c4 d5 3. Nc3 Bb4 4. a3 Bxc3+ 5. bxc3 Nf6 6. Nf3 Nc6 7. e3 Bd7 8.
Bd3 dxc4 9. Bxc4 Qe7 10. O-O O-O 11. Re1 Rfe8 12. e4 Qd8 13. e5 Nd5 14. Qc2
Nce7 15. Ng5 g6 16. Bd3 Bc6 17. Ne4 Kh8 18. Bg5 Rb8 19. Qd2 Rf8 20. Nf6 Nf5 21.
Nxd5 Qxd5 22. Be4 Qd7 23. Bxf5 gxf5 24. Bf6+ Kg8 25. Qg5#  1-0

[Event "Campeonato Panamericano de Ajedrez Sub-20 Femenino"]
[Site "Cochabamba - CEFED "La Tamborada""]
[Date "2019.08.02"]
[Round "3"]
[Board "1"]
[White "Monroy G., Nataly A."]
[Black "Campos, Maria Jose"]
[Result "0-1"]
[WhiteElo "1921"]
[BlackElo "2091"]
[PlyCount "91"]
[EventDate "2019.08.01"]
[EventRounds "9"]
[EventCountry "BOL"]

1. d4 Nf6 2. Nf3 e6 3. g3 b6 4. Bg2 Bb7 5. O-O d5 6. b3 Bd6 7. c4 O-O 8. Bb2
Nbd7 9. Nc3 a6 10. Nd2 c5 11. e3 cxd4 12. exd4 Rc8 13. Rc1 Bc6 14. Re1 Re8 15.
Bf1 Nb8 16. cxd5 Nxd5 17. Nce4 Be7 18. Nc4 Nf6 19. Nxf6+ Bxf6 20. Ne5 Bb7 21.
Rxc8 Qxc8 22. Bg2 Rd8 23. Bxb7 Qxb7 24. Qe2 b5 25. Rc1 Rc8 26. Rxc8+ Qxc8 27.
Ng4 Nd7 28. Ne3 Nb6 29. Qd2 Nd5 30. Nxd5 exd5 31. a3 Qf5 32. b4 h5 33. h4 g5
34. hxg5 Bxg5 35. Qe2 h4 36. gxh4 Bxh4 37. Qe8+ Kh7 38. Qe2 Kg6 39. Bc1 Bf6 40.
Be3 Qb1+ 41. Kg2 Qe4+ 42. Qf3 Bh4 43. Bf4 Kf5 44. Bd2+ Ke6 45. Be3 f5 46. Bf4 {
Ilegible}  0-1

[Event "Campeonato Panamericano de Ajedrez Sub-20 Femenino"]
[Site "Cochabamba - CEFED "La Tamborada""]
[Date "2019.08.02"]
[Round "3"]
[Board "2"]
[White "Vazquez Maccarini, Danitza"]
[Black "Hilario, Aleyla"]
[Result "1-0"]
[WhiteElo "2080"]
[BlackElo "1841"]
[PlyCount "55"]
[EventDate "2019.08.01"]
[EventRounds "9"]
[EventCountry "BOL"]

1. e4 e6 2. d4 d5 3. Nc3 Bb4 4. Nge2 Nf6 5. e5 Nfd7 6. f4 f6 7. Be3 O-O 8. g3
c5 9. a3 Ba5 10. Bh3 Re8 11. O-O fxe5 12. fxe5 cxd4 13. Nxd4 Nxe5 14. Qh5 Bxc3
15. bxc3 Ng6 16. Nf3 Nd7 17. Ng5 Ndf8 18. Nxh7 Nxh7 19. Qxg6 Qe7 20. Rf2 Bd7
21. Rb1 b6 22. Rb4 Rf8 23. Rh4 Nf6 24. Bg5 Qc5 25. Kg2 Rac8 26. Rxf6 Rxf6 27.
Bxf6 Qf8 28. Be5  1-0

[Event "Campeonato Panamericano de Ajedrez Sub-20 Femenino"]
[Site "Cochabamba - CEFED "La Tamborada""]
[Date "2019.08.02"]
[Round "3"]
[Board "3"]
[White "Molina, Jessica"]
[Black "Salazar Gould, Melanie"]
[Result "1-0"]
[WhiteElo "1811"]
[BlackElo "1919"]
[PlyCount "97"]
[EventDate "2019.08.01"]
[EventRounds "9"]
[EventCountry "BOL"]

1. d4 Nf6 2. c4 e5 3. d5 Bc5 4. Nc3 d6 5. h3 h6 6. e4 O-O 7. Bd3 a5 8. Nf3 Nbd7
9. Qe2 Re8 10. g4 Nh7 11. Be3 c6 12. Rg1 Bxe3 13. Qxe3 Ng5 14. Nxg5 hxg5 15.
Rh1 Nf8 16. c5 dxc5 17. Qxc5 Qf6 18. Qe3 Bd7 19. f3 Ng6 20. Rh2 Nf4 21. O-O-O
Rec8 22. Kb1 Qe7 23. Na4 Rab8 24. Nb6 Rd8 25. Bc4 Be8 26. Rhd2 Rd6 27. Qc5 Qf6
28. Bb3 cxd5 29. Nxd5 Nxd5 30. Bxd5 Kh8 31. Bxf7 Qxf7 32. Qxd6 Rc8 33. Qxe5
Qxf3 34. Qf5 Qxf5 35. gxf5 Rc7 36. Rd8 Re7 37. R1d6 Kg8 38. Re6 Kf7 39. Rxe7+
Kxe7 40. Rxe8+ Kxe8 41. Kc2 Ke7 42. Kd3 g6 43. f6+ Ke6 44. e5 Kf7 45. Kc4 Ke6
46. a4 Kxe5 47. f7 Kf4 48. f8=Q+ Kg3 49. Qf6  1-0

[Event "Campeonato Panamericano de Ajedrez Sub-20 Femenino"]
[Site "Cochabamba - CEFED "La Tamborada""]
[Date "2019.08.02"]
[Round "3"]
[Board "4"]
[White "Condori, Ana Paula"]
[Black "Lara Santana, Maria"]
[Result "1-0"]
[WhiteElo "1751"]
[BlackElo "1702"]
[PlyCount "76"]
[EventDate "2019.08.01"]
[EventRounds "9"]
[EventCountry "BOL"]

1. e4 c5 2. Nf3 d6 3. d4 cxd4 4. Nxd4 Nf6 5. Nc3 a6 6. Be2 e6 7. O-O Be7 8. Be3
Qc7 9. Qd2 O-O 10. f4 Nbd7 11. Bf3 Nb6 12. b3 Bd7 13. Nce2 e5 14. c4 exd4 15.
Qxd4 Nc8 16. h3 Bc6 17. g4 Nd7 18. g5 Re8 19. Ng3 g6 20. Rad1 Bf8 21. h4 Bg7
22. Qd2 Nc5 23. Qg2 Qe7 24. Bxc5 dxc5 25. e5 Bxf3 26. Qxf3 Na7 27. Ne4 Nc6 28.
h5 Nd4 29. Qf2 Red8 30. h6 Bf8 31. b4 b6 32. a4 Nf5 33. Nf6+ Kh8 34. Nd5 Qa7
35. Qb2 Be7 36. Rfe1 Kg8 37. e6 fxe6 38. Rxe6 Qd7 {Ilegible}  1-0

[Event "Campeonato Panamericano de Ajedrez Sub-20 Femenino"]
[Site "Cochabamba - CEFED "La Tamborada""]
[Date "2019.08.02"]
[Round "3"]
[Board "5"]
[White "Sarmiento Robles, Paula"]
[Black "Miller, Rachel"]
[Result "0-1"]
[WhiteElo "1876"]
[BlackElo "1941"]
[PlyCount "51"]
[EventDate "2019.08.01"]
[EventRounds "9"]
[EventCountry "BOL"]

1. g3 g6 2. Bg2 Bg7 3. Nf3 Nf6 4. O-O c5 5. d3 d6 6. Nc3 Nc6 7. e4 O-O 8. h3 a6
9. a4 Rb8 10. Be3 Qc7 11. Qd2 Rd8 12. Nh4 b5 13. axb5 axb5 14. Ne2 Nd7 15. Rab1
Nb6 16. f4 Ra8 17. f5 Ne5 18. b4 Bd7 19. c3 Ra4 20. Nf3 Rda8 21. Nxe5 Bxe5 22.
fxg6 hxg6 23. Qe1 Rf8 24. Qf2 Ra2 25. Rbc1 Na4 26. d4 {Ilegible}  0-1

[Event "Campeonato Panamericano de Ajedrez Sub-20 Femenino"]
[Site "Cochabamba - CEFED "La Tamborada""]
[Date "2019.08.02"]
[Round "3"]
[Board "6"]
[White "Figueroa Bernal, Julia Dennis"]
[Black "Enriquez Coronel, Gaia Paola"]
[Result "1-0"]
[WhiteElo "1837"]
[BlackElo "1615"]
[PlyCount "42"]
[EventDate "2019.08.01"]
[EventRounds "9"]
[EventCountry "BOL"]

1. e4 c5 2. Nf3 Nc6 3. d4 cxd4 4. Nxd4 g6 5. Nc3 Bg7 6. Be3 Nf6 7. Bc4 Qa5 8.
O-O O-O 9. Bb3 a6 10. h3 b5 11. Nd5 Qd8 12. Nxc6 dxc6 13. Nb6 Rb8 14. Qxd8 Rxd8
15. Rad1 Bb7 16. Bf4 Rxd1 17. Rxd1 Rd8 18. e5 Ne4 19. c3 g5 20. e6 f5 21. Be3
f4 {Ilegible}  1-0

[Event "Campeonato Panamericano de Ajedrez Sub-20 Femenino"]
[Site "Cochabamba - CEFED "La Tamborada""]
[Date "2019.08.02"]
[Round "3"]
[Board "7"]
[White "Francia Arzapalo, Gianella"]
[Black "Mamani, Anahi"]
[Result "0-1"]
[WhiteElo "1607"]
[BlackElo "1813"]
[PlyCount "58"]
[EventDate "2019.08.01"]
[EventRounds "9"]
[EventCountry "BOL"]

1. d4 Nf6 2. c4 g6 3. Nc3 Bg7 4. e4 d6 5. Nf3 O-O 6. Be2 e5 7. O-O Nc6 8. d5
Ne7 9. Ne1 Nd7 10. Nd3 f5 11. f3 f4 12. Bd2 g5 13. b4 Ng6 14. c5 h5 15. Qb3 Nf6
16. Rac1 Rf7 17. cxd6 cxd6 18. Nf2 Bf8 19. Nb5 g4 20. Qc3 g3 21. hxg3 fxg3 22.
Nh3 Bxh3 23. gxh3 Qd7 24. Kg2 Nh4+ 25. Kxg3 Rg7+ 26. Kf2 Rg2+ 27. Ke1 Qxh3 28.
Qd3 Rg3 29. Kd1 Ng6 {Ilegible}  0-1

[Event "Campeonato Panamericano de Ajedrez Sub-20 Femenino"]
[Site "Cochabamba - CEFED "La Tamborada""]
[Date "2019.08.02"]
[Round "3"]
[Board "8"]
[White "Pacheco Arteaga, Natalia"]
[Black "Rosado Perez, Maria Jose"]
[Result "0-1"]
[WhiteElo "1176"]
[BlackElo "1810"]
[PlyCount "57"]
[EventDate "2019.08.01"]
[EventRounds "9"]
[EventCountry "BOL"]

1. e4 c5 2. Nf3 a6 3. d4 cxd4 4. Nxd4 Nf6 5. Nc3 e5 6. Nb3 Bb4 7. Bd3 d5 8.
exd5 Nxd5 9. Bd2 Nxc3 10. bxc3 Bd6 11. O-O O-O 12. Qe2 Re8 13. Qe4 f5 14. Bc4+
Kh8 15. Qe3 e4 16. Qg5 Qc7 17. Bd5 Bxh2+ 18. Kh1 Be5 19. Qe3 Qd6 20. Bc4 b5 21.
Be2 Re6 22. Qh3 f4 23. Kg1 Nc6 24. Qh5 Rg6 25. Bg4 h6 26. Rfe1 Qf6 27. Kf1 Rxg4
28. Qe8+ Kh7 29. Qd8 {Ilibertad}  0-1

[Event "Campeonato Panamericano de Ajedrez Sub-20 Femenino"]
[Site "Cochabamba - CEFED "La Tamborada""]
[Date "2019.08.02"]
[Round "3"]
[Board "9"]
[White "Loyola Torres, Maria Gracia"]
[Black "Bustillos, Nathalia"]
[Result "1-0"]
[WhiteElo "1688"]
[BlackElo "1473"]
[PlyCount "55"]
[EventDate "2019.08.01"]
[EventRounds "9"]
[EventCountry "BOL"]

1. e4 c5 2. c3 d5 3. exd5 Qxd5 4. Nf3 Nc6 5. Be2 Nf6 6. d4 Bg4 7. c4 Qd8 8. d5
Bxf3 9. Bxf3 Ne5 10. Be2 g6 11. Nc3 Bg7 12. Bf4 Nfd7 13. Bg3 Nb6 14. Qb3 O-O
15. O-O f5 16. f4 Ned7 17. Rad1 Re8 18. Bf3 Nf8 19. a4 Rb8 20. Rf2 Nbd7 21. Re2
Nf6 22. Bf2 b6 23. Nb5 Qd7 24. h3 a6 25. Nc3 Qd6 26. Bg3 N8d7 27. Bh2 e5 28.
dxe6 {Ilegible.}  1-0

[Event "Campeonato Panamericano de Ajedrez Sub-20 Femenino"]
[Site "Cochabamba - CEFED "La Tamborada""]
[Date "2019.08.02"]
[Round "3"]
[Board "10"]
[White "Vargas D, Crystel"]
[Black "Arce, Valeria"]
[Result "1/2-1/2"]
[WhiteElo "1686"]
[BlackElo "1246"]
[PlyCount "49"]
[EventDate "2019.08.01"]
[EventRounds "9"]
[EventCountry "BOL"]

1. d4 d6 2. Nf3 Nf6 3. e3 Nbd7 4. b3 e5 5. Bb2 exd4 6. Nxd4 g6 7. Be2 Bg7 8.
O-O O-O 9. c4 Ne5 10. Nd2 Bg4 11. h3 Bxe2 12. Qxe2 Re8 13. Rfd1 Qd7 14. Rac1
Nc6 15. Qf3 Nxd4 16. Bxd4 Qc6 17. Qxc6 bxc6 18. c5 d5 19. Nf3 Nd7 20. Bxg7 Kxg7
21. Nd4 Nb8 22. Rd3 a5 23. f3 Ra7 24. Kf2 Ra6 25. Ke2 {Ilegible}  1/2-1/2

[Event "Campeonato Panamericano de Ajedrez Sub-20 Femenino"]
[Site "Cochabamba - CEFED "La Tamborada""]
[Date "2019.08.02"]
[Round "3"]
[Board "11"]
[White "Montiel Caceres, Helen"]
[Black "Chavez, Perla"]
[Result "1-0"]
[WhiteElo "1514"]
[BlackElo "1571"]
[PlyCount "50"]
[EventDate "2019.08.01"]
[EventRounds "9"]
[EventCountry "BOL"]

1. d4 Nf6 2. c4 g6 3. Nc3 Bg7 4. h3 d6 5. Bf4 O-O 6. Nf3 e6 7. e3 Nc6 8. Be2
Nd7 9. O-O e5 10. Bh2 f5 11. a3 a5 12. Rc1 Kh8 13. d5 Ne7 14. Ng5 Nc5 15. b4
axb4 16. axb4 Na6 17. Qb3 Nxd5 18. cxd5 Qxg5 19. Bxa6 bxa6 20. f4 Qe7 21. Ne2
Bb7 22. Rc2 Rfc8 23. Rfc1 Qf7 24. Rd2 exf4 25. Nxf4 Bxd5 {Ilegible}  1-0

[Event "Campeonato Panamericano de Ajedrez Sub-20 Femenino"]
[Site "Cochabamba - CEFED "La Tamborada""]
[Date "2019.08.02"]
[Round "3"]
[Board "12"]
[White "Velarde Alarcon, Jhoana"]
[Black "Cuadros Quispe, Danae Yadira"]
[Result "0-1"]
[WhiteElo "1267"]
[BlackElo "1371"]
[PlyCount "49"]
[EventDate "2019.08.01"]
[EventRounds "9"]
[EventCountry "BOL"]

1. e4 e5 2. Nf3 Nc6 3. Bb5 a6 4. Bxc6 dxc6 5. d3 Bd6 6. O-O Nf6 7. Nc3 O-O 8.
Ne2 Re8 9. Be3 h6 10. h3 c5 11. Ng3 b6 12. Qd2 Nh7 13. a4 Bd7 14. Nh5 Bf8 15.
Qc3 Nf6 16. Ng3 Qe7 17. a5 Nh7 18. Nh5 g6 19. Ng3 h5 20. Qd2 Bg7 21. Ng5 f5 22.
exf5 gxf5 23. Nxh5 f4 24. Nxf4 exf4 25. Bxf4 {Ilegible.}  0-1

[Event "Campeonato Panamericano de Ajedrez Sub-20 Femenino"]
[Site "Cochabamba - CEFED "La Tamborada""]
[Date "2019.08.02"]
[Round "3"]
[Board "13"]
[White "Duarte Laconich, Jazmin"]
[Black "Iquise Calle, Jhosselyn"]
[Result "0-1"]
[WhiteElo "1429"]
[BlackElo "1329"]
[PlyCount "31"]
[EventDate "2019.08.01"]
[EventRounds "9"]
[EventCountry "BOL"]

1. e4 e5 2. Nf3 d6 3. Bc4 c6 4. Nc3 Be7 5. O-O h6 6. d4 Qc7 7. dxe5 dxe5 8. Be3
Nf6 9. Nd2 Nbd7 10. a3 Nf8 11. Nb3 g5 12. Bc5 Ng6 13. Qd2 g4 14. Rad1 b6 15.
Bxe7 Kxe7 16. f4 {Ilegible.}  0-1

[Event "Campeonato Panamericano de Ajedrez Sub-20 Femenino"]
[Site "Cochabamba - CEFED "La Tamborada""]
[Date "2019.08.03"]
[Round "4"]
[Board "1"]
[White "Campos, Maria Jose"]
[Black "Molina, Jessica"]
[Result "0-1"]
[WhiteElo "2091"]
[BlackElo "1811"]
[PlyCount "124"]
[EventDate "2019.08.01"]
[EventRounds "9"]
[EventCountry "BOL"]

1. c4 Nf6 2. g3 e6 3. Bg2 d5 4. Nf3 c5 5. O-O Nc6 6. e3 Be7 7. b3 O-O 8. Bb2 b6
9. Nc3 Bb7 10. cxd5 exd5 11. d4 cxd4 12. Nxd4 Nxd4 13. Qxd4 Bc5 14. Qd1 Rb8 15.
Ne2 Ne4 16. b4 Be7 17. a4 Bf6 18. Nd4 g6 19. Qd3 Qe7 20. Rfc1 Rfd8 21. Rab1
Rbc8 22. Ba3 Bxd4 23. Qxd4 Qf6 24. Qxf6 Nxf6 25. b5 Ne4 26. Bb4 f5 27. f3 Nc5
28. Bxc5 Rxc5 29. Rxc5 bxc5 30. f4 Kf7 31. Kf2 Ke6 32. Ke2 Rd6 33. a5 a6 34. b6
h6 35. Rc1 c4 36. Kd2 Rc6 37. Kc2 Rc5 38. Ra1 Rb5 39. Ra3 Kd6 40. Bh3 h5 41.
Bf1 Kc5 42. Kc3 Rb1 43. Bg2 Rc1+ 44. Kd2 Rg1 45. Bf3 Kb4 46. Ra2 Kb3 47. Rc2
Ra1 48. h3 Rxa5 49. Bd1 Kb4 50. g4 hxg4 51. hxg4 Kc5 52. gxf5 gxf5 53. Bh5 Kxb6
54. Bg6 Bc8 55. Rb2+ Rb5 56. Ra2 Kc5 57. Be8 Rb6 58. Ra5+ Kd6 59. Bf7 Be6 60.
Be8 Ke7 61. Ba4 Bd7 62. Rxd5 Rd6  0-1

[Event "Campeonato Panamericano de Ajedrez Sub-20 Femenino"]
[Site "Cochabamba - CEFED "La Tamborada""]
[Date "2019.08.03"]
[Round "4"]
[Board "2"]
[White "Condori, Ana Paula"]
[Black "Vazquez Maccarini, Danitza"]
[Result "1-0"]
[WhiteElo "1751"]
[BlackElo "2080"]
[PlyCount "121"]
[EventDate "2019.08.01"]
[EventRounds "9"]
[EventCountry "BOL"]

1. e4 c5 2. Nf3 e6 3. d4 cxd4 4. Nxd4 Nc6 5. Nc3 Qc7 6. Be3 a6 7. g3 Nf6 8. Bg2
h5 9. h3 Na5 10. O-O Nc4 11. Bc1 h4 12. g4 Bc5 13. b3 Ne5 14. Bf4 Bxd4 15. Qxd4
Nf3+ 16. Bxf3 Qxf4 17. Qd3 Rb8 18. Ne2 Qe5 19. Bg2 b5 20. a4 Bb7 21. f3 b4 22.
Rad1 O-O 23. Qd4 Qxd4+ 24. Rxd4 a5 25. g5 Nh5 26. e5 Ba6 27. Rf2 Rfc8 28. Nc1
Rc5 29. Rd6 Bb7 30. Rxd7 Bc8 31. Rd4 Rxe5 32. f4 Re1+ 33. Rf1 Re3 34. Rf3 Rxf3
35. Bxf3 Ng3 36. Rc4 Ba6 37. Rc5 Bf1 38. Rxa5 Bxh3 39. Ra8 Rxa8 40. Bxa8 Kf8
41. a5 Bf1 42. Bb7 Ke7 43. a6 Bxa6 44. Bxa6 Kd6 45. Nd3 Ne2+ 46. Kg2 Nd4 47.
Nxb4 Kc5 48. Nd3+ Kb6 49. Bc4 Nxc2 50. Ne5 f6 51. gxf6 gxf6 52. Nd7+ Kc6 53.
Bxe6 f5 54. Ne5+ Kc5 55. Nf3 Nb4 56. Nxh4 Nd3 57. Kg3 Kd6 58. Bxf5 Nc1 59. Bc2
Ne2+ 60. Kg4 Nd4 61. Nf5+  1-0

[Event "Campeonato Panamericano de Ajedrez Sub-20 Femenino"]
[Site "Cochabamba - CEFED "La Tamborada""]
[Date "2019.08.03"]
[Round "4"]
[Board "3"]
[White "Miller, Rachel"]
[Black "Loyola Torres, Maria Gracia"]
[Result "1-0"]
[WhiteElo "1941"]
[BlackElo "1688"]
[PlyCount "44"]
[EventDate "2019.08.01"]
[EventRounds "9"]
[EventCountry "BOL"]

1. e4 c5 2. Nf3 e6 3. Nc3 Nc6 4. d4 cxd4 5. Nxd4 Nf6 6. g3 Bb4 7. Nxc6 bxc6 8.
Bd2 d5 9. exd5 cxd5 10. Bg2 O-O 11. O-O Rb8 12. b3 Bb7 13. Ne2 Bxd2 14. Qxd2
Qb6 15. Nd4 Rfd8 16. Rfe1 Rbc8 17. Rac1 Ne4 18. Bxe4 dxe4 19. Qe3 g6 20. c4 Rd7
21. Nb5 Qxe3 22. fxe3 Rd3 {ilegible}  1-0

[Event "Campeonato Panamericano de Ajedrez Sub-20 Femenino"]
[Site "Cochabamba - CEFED "La Tamborada""]
[Date "2019.08.03"]
[Round "4"]
[Board "4"]
[White "Mamani, Anahi"]
[Black "Monroy G., Nataly A."]
[Result "0-1"]
[WhiteElo "1813"]
[BlackElo "1921"]
[PlyCount "100"]
[EventDate "2019.08.01"]
[EventRounds "9"]
[EventCountry "BOL"]

1. e4 c5 2. Nf3 Nc6 3. d3 g6 4. g3 Bg7 5. Bg2 e6 6. O-O Nge7 7. c3 d5 8. Nbd2
O-O 9. Re1 b6 10. Nf1 Bb7 11. e5 b5 12. d4 Qc7 13. Bf4 b4 14. Rc1 c4 15. cxb4
Nxb4 16. a3 Nbc6 17. h4 Qb6 18. b3 cxb3 19. Rb1 Na5 20. N1d2 Bc6 21. Nxb3 Ba4
22. Nfd2 Rab8 23. Re3 Nf5 24. Rd3 Nc4 25. Qc1 Nxd2 26. Nxd2 Qa6 27. Rxb8 Rxb8
28. Bf1 Bb5 29. Rb3 Nxd4 30. Rb4 Nc6 31. Rxb5 Rxb5 32. a4 Qxa4 33. Qxc6 Ra5 34.
Qc8+ Bf8 35. Qd8 Qb4 36. Bh6 Ra3 37. Kg2 Ra2 38. Nf3 Qc5 39. Nd4 a5 40. Qe8 a4
41. Be2 Qe7 42. Qb8 a3 43. Bg4 Qc5 44. Qe8 Rb2 45. Bxe6 Rb7 46. Bxd5 Qxd5+ 47.
Nf3 Qc5 48. Ng5 Qe7 49. Qa8 Ra7 50. Qb8 Qb7+  0-1

[Event "Campeonato Panamericano de Ajedrez Sub-20 Femenino"]
[Site "Cochabamba - CEFED "La Tamborada""]
[Date "2019.08.03"]
[Round "4"]
[Board "5"]
[White "Hilario, Aleyla"]
[Black "Figueroa Bernal, Julia Dennis"]
[Result "1-0"]
[WhiteElo "1841"]
[BlackElo "1837"]
[PlyCount "57"]
[EventDate "2019.08.01"]
[EventRounds "9"]
[EventCountry "BOL"]

1. d4 Nf6 2. Nf3 g6 3. c4 Bg7 4. g3 d6 5. Bg2 O-O 6. Nc3 Nbd7 7. O-O e5 8. e4
exd4 9. Nxd4 Re8 10. Re1 a6 11. h3 Ne5 12. b3 Bd7 13. Be3 Rb8 14. a4 Qc8 15.
Kh2 h5 16. f4 Neg4+ 17. hxg4 Nxg4+ 18. Kg1 c5 19. e5 cxd4 20. Bxd4 dxe5 21.
fxe5 Nxe5 22. Qd2 Bg4 23. Rf1 Bh3 24. Qf4 Bxg2 25. Kxg2 Qg4 26. Bxe5 Bxe5 27.
Qxf7+ Kh8 28. Qf3 Rf8 29. Qe3  1-0

[Event "Campeonato Panamericano de Ajedrez Sub-20 Femenino"]
[Site "Cochabamba - CEFED "La Tamborada""]
[Date "2019.08.03"]
[Round "4"]
[Board "6"]
[White "Rosado Perez, Maria Jose"]
[Black "Sarmiento Robles, Paula"]
[Result "1-0"]
[WhiteElo "1810"]
[BlackElo "1876"]
[PlyCount "87"]
[EventDate "2019.08.01"]
[EventRounds "9"]
[EventCountry "BOL"]

1. e4 e6 2. d3 d5 3. Nd2 Nf6 4. g3 dxe4 5. dxe4 e5 6. Bg2 Nc6 7. Ngf3 h6 8. O-O
Be6 9. c3 Bd6 10. Qe2 O-O 11. Rd1 Qe7 12. Nc4 Rfd8 13. b4 a6 14. a4 Bg4 15. Bb2
Qe6 16. Ncd2 a5 17. b5 Nb8 18. Nc4 Nbd7 19. Nxd6 cxd6 20. h3 Bxh3 21. Bxh3 Qxh3
22. Rxd6 Nc5 23. Rxd8+ Rxd8 24. c4 Qg4 25. Bxe5 Nfxe4 26. Re1 Rd3 27. Kg2 Qd7
28. Bxg7 Kxg7 29. Ne5 Qf5 30. Nxd3 Nxd3 31. Rf1 Nc3 32. Qd2 Qe4+ 33. f3 Qe2+
34. Qxe2 Nxe2 35. Rd1 Nc5 36. Rd5 b6 37. Kf2 Nc3 38. Rd4 N5xa4 39. Rd6 f6 40.
Ke3 Nb2 41. Kd4 Nba4 42. Kd3 Kf7 43. Kc2 Ke7 44. Kb3  1-0

[Event "Campeonato Panamericano de Ajedrez Sub-20 Femenino"]
[Site "Cochabamba - CEFED "La Tamborada""]
[Date "2019.08.03"]
[Round "4"]
[Board "7"]
[White "Arce, Valeria"]
[Black "Salazar Gould, Melanie"]
[Result "0-1"]
[WhiteElo "1246"]
[BlackElo "1919"]
[PlyCount "38"]
[EventDate "2019.08.01"]
[EventRounds "9"]
[EventCountry "BOL"]

1. d4 e6 2. c4 f5 3. Nc3 Nf6 4. Nf3 d5 5. Bf4 c6 6. e3 Bd6 7. Bxd6 Qxd6 8. Bd3
O-O 9. O-O Ne4 10. Qc2 Nd7 11. Rab1 Rf6 12. b4 Rh6 13. Rfc1 Qe7 14. b5 e5 15.
dxe5 Nxe5 16. Nxe5 Qxe5 17. f4 Qe7 18. Nd1 Qh4 19. Bxe4 Qe1#  0-1

[Event "Campeonato Panamericano de Ajedrez Sub-20 Femenino"]
[Site "Cochabamba - CEFED "La Tamborada""]
[Date "2019.08.03"]
[Round "4"]
[Board "8"]
[White "Lara Santana, Maria"]
[Black "Vargas D, Crystel"]
[Result "1-0"]
[WhiteElo "1702"]
[BlackElo "1686"]
[PlyCount "88"]
[EventDate "2019.08.01"]
[EventRounds "9"]
[EventCountry "BOL"]

1. e4 c5 2. Nf3 Nc6 3. Bb5 g6 4. Bxc6 bxc6 5. d3 Bg7 6. Nc3 d6 7. O-O Bg4 8. h3
Bxf3 9. Qxf3 Rb8 10. Qe2 e6 11. f4 Ne7 12. Nd1 O-O 13. c3 d5 14. e5 d4 15. c4
Qc7 16. Nf2 Kh8 17. Ne4 Qb6 18. b3 Qb4 19. a4 Qxb3 20. Nxc5 Qc3 21. Ra3 Qb4 22.
Na6 Qb7 23. Nxb8 Rxb8 24. Ra2 Qa6 25. Rb2 Rc8 26. Qc2 Bf8 27. Qb3 Kg8 28. Bd2
c5 29. Rfb1 Nc6 30. Qb5 Qxb5 31. axb5 Nb4 32. Bxb4 cxb4 33. Kf2 Bc5 34. Kf3 h6
35. Ke4 Kg7 36. Rxb4 Bb6 37. Ra4 f5+ 38. exf6+ Kxf6 39. Raa1 Rc7 40. Ra6 g5 41.
fxg5+ hxg5 42. Rxb6 axb6 43. Kxd4 Rd7+ 44. Ke4 e5  1-0

[Event "Campeonato Panamericano de Ajedrez Sub-20 Femenino"]
[Site "Cochabamba - CEFED "La Tamborada""]
[Date "2019.08.03"]
[Round "4"]
[Board "9"]
[White "Enriquez Coronel, Gaia Paola"]
[Black "Barros Jardi Arce, Sarai"]
[Result "1-0"]
[WhiteElo "1615"]
[BlackElo "1182"]
[PlyCount "61"]
[EventDate "2019.08.01"]
[EventRounds "9"]
[EventCountry "BOL"]

1. e4 e6 2. d4 d5 3. Nd2 c5 4. Ne2 Nc6 5. exd5 Qxd5 6. Nf3 cxd4 7. Nexd4 Nxd4
8. Qxd4 Qxd4 9. Nxd4 Bd7 10. Nb5 Bxb5 11. Bxb5+ Kd8 12. Bf4 Ke7 13. O-O-O Nf6
14. Bd6+ Kd8 15. Bxf8+ Kc7 16. Bxg7 Rhg8 17. Bxf6 Rxg2 18. Bd4 a6 19. Bd3 Rd8
20. Be4 Rg4 21. Be5+ Kc8 22. Bxb7+ Kxb7 23. Rxd8 Rg5 24. Bf4 Rf5 25. Be3 Kc7
26. Rhd1 Kb7 27. R1d6 a5 28. R8d7+ Kc8 29. Ra7 Rb5 30. Bb6 Kb8 31. Rd8#  1-0

[Event "Campeonato Panamericano de Ajedrez Sub-20 Femenino"]
[Site "Cochabamba - CEFED "La Tamborada""]
[Date "2019.08.03"]
[Round "4"]
[Board "10"]
[White "Cuadros Quispe, Danae Yadira"]
[Black "Francia Arzapalo, Gianella"]
[Result "0-1"]
[WhiteElo "1371"]
[BlackElo "1607"]
[PlyCount "76"]
[EventDate "2019.08.01"]
[EventRounds "9"]
[EventCountry "BOL"]

1. e4 e6 2. d4 d5 3. Nd2 Nf6 4. e5 Nfd7 5. c3 c5 6. Bd3 Nc6 7. Ne2 a6 8. O-O
Be7 9. Nf3 O-O 10. Nf4 cxd4 11. cxd4 g6 12. Nh3 f6 13. Nf4 Nb6 14. Nxg6 hxg6
15. Bxg6 Kg7 16. Nh4 Rh8 17. Qg4 Rxh4 18. Qxh4 Qh8 19. Qg4 Kf8 20. Bh5 Qg7 21.
exf6 Bxf6 22. Qf4 Nd7 23. Qd6+ Be7 24. Qxe6 Nf6 25. Qe2 Nxd4 26. Qd1 Nf5 27.
Bf4 Bd7 28. Rc1 Bc6 29. Be2 Rd8 30. Bxa6 d4 31. f3 Ne3 32. Bxe3 dxe3 33. Qe1
Rd2 34. Be2 Bb4 35. b3 Nd5 36. g4 Nf4 37. Bc4 Rg2+ 38. Kh1 Bxe1  0-1